000 00830nmm a2200289 a 4500
003 AR-BaBNM
005 20251128211024.0
008 112020s1981 ||||||||||||||000 | spa||
020 _a84-309-0873-0
040 _cAR-BaBNM
245 1 0 _aCorrientes de la investigación en las ciencias sociales
_n1
260 _aMadrid
_bTecnos
_bUNESCO
_c1981
300 1 _a419 p. tablas, gráfs
504 _aContiene: bibliografía del capítulo IV en p.410
650 4 _aMODELOS
650 4 _aMODELOS MATEMATICOS
650 4 _aINVESTIGACION EN CIENCIAS SOCIALES
650 4 _aFINANCIACION
650 4 _aPOLITICA DE INVESTIGACION
700 1 _aBoudon, Raymond
700 1 _aBie, Pierre de
700 1 _aRokkan, stein
700 1 _aTrist, Eric
700 1 _aHavet, Jacques
_epresentación
942 _cBK
998 _calicia
999 _c17931
_d17931